Sanat: "Minä sydän sinä" - Frans Harju - Statistics

Yleistilastot
  • Tätä visaa on pelattu 127 kertaa
  • Keskiarvotulos 88 / 179
Vastaustilastot
Vastaus % Oikein
minä
92%
sinä
92%
sydän
92%
ja
76%
Ja
76%
ihmisen
68%
Joen
68%
kahden
68%
lukee
68%
nuoren
68%
heijastukset
64%
oli
64%
pinnas
64%
keskuspuiston
60%
läpi
60%
lukko
60%
on
60%
en
56%
epävarmuuden
56%
jossa
56%
katsoi
56%
lehmuksissa
56%
ne
56%
oo
56%
ruosteinen
56%
ruskaa
56%
silta
56%
toisiansa
56%
koskaan
52%
roikkuu
52%
sillan
52%
yksi
52%
säleikössä
48%
tällaista
48%
tuntenut
48%
kaiken
44%
kärsineen
44%
kauniita
44%
kestäneet
44%
mut
44%
näyttää
44%
rohkeita
44%
sanoi
44%
seisoo
44%
tähän
44%
tietää
44%
vain
44%
aika
40%
aina
40%
et
40%
hajan
40%
hujan
40%
jäi
40%
kaiteet
40%
kylmän
40%
kynttilöitä
40%
maahan
40%
makaamaan
40%
mikä
40%
pyörät
40%
töistä
40%
veen
40%
aikaan
36%
edelleen
36%
hän
36%
hiekkatien
36%
ilman
36%
istuu
36%
jättää
36%
kävi
36%
laitaan
36%
merkin
36%
miten
36%
päällä
36%
päässä
36%
rakkaudesta
36%
tahansa
36%
tänne
36%
tässä
36%
tv
36%
vesi
36%
vois
36%
yllä
36%
Yllä
36%
ääntä
32%
kaivaa
32%
luokse
32%
miettivät
32%
niin
32%
nyt
32%
parisängyn
32%
pauhas
32%
polkupyörineen
32%
saapui
32%
taskustansa
32%
hiljaa
28%
maan
28%
makuuhuoneessa
28%
meitä
28%
Mies
28%
pala
28%
usein
28%
vanhan
28%
viel
28%
päätyy
24%
vaikka
24%
valokuvaa
24%
lyhyeen
20%
miettii
20%
pyyhkii
20%
arvokas
16%
Ehtoja vastaavia visoja ei löytynyt
Tulosjakauma
Jokaisen tuloksen saaneiden osuus
Persentiili vastausten määrän mukaan
Tuloshistoriasi
Et ole pelannut tätä visaa